00377nam a22001217a 450000500170000002000220001703500230003903700130006210000250007524500820010026000500018230000230023220180727112510.0 a8176481505c00.00 aA-991569, A-991568 aDPLbENG aVadackumchery, James aHuman rights friendly police :bA myth or reality ? /cby James Vadackumchery aNew DelhibA P H Publishing Corporationc2000 axv, 190p.c20 cms.